Statistics for Mumbai by picture

Click here to take the quiz!

General Stats

  • This quiz has been taken 238 times
    (193 since last reset)
  • The average score is 9 of 15

Answer Stats

Answer% Correct
Gateway of India
93%
Bollywood
77%
Vada Pav
77%
{Marine} Drive
74%
Arabian Sea
72%
{Juhu} Beach
70%
Dharavi
69%
Sachin Tendulkar
67%
Mukesh Ambani
65%
{Elephanta} Caves
64%
Ganesh Chaturthi
49%
Bandra Worli Sea link
48%
Chatrapati Shivaji Terminus
47%
Taj Mahal Hotel
25%
Rudyard Kipling
19%

Score Distribution

Percentile by Number Answered

Percent of People with Each Score

Your Score History

You have not taken this quiz since the last reset